Senzory v průmyslové praxi /

Hlavní autor: Martinek, Radislav
Jazyk: Čeština
Vydáno: Praha : BEN - technická literatura, 2004
Vydání: 1. vyd.
Témata:
Externí odkaz: Digitalizovaný dokument
Fyzický popis: 199 s. : il. ; 23 cm
Knihy
Uloženo v:
LEADER 01416nam a2200361 a 4500
001 000747097
003 CZ BrMZK
005 20041229095341.0
007 ta
008 041102s2004 xr a erf 000 0 czeoc
015 |a cnb001325827 
020 |a 80-7300-114-4  |q (brož.) :  |c Kč 199,00 
035 |a (OCoLC)85111087 
040 |a OSA001  |b cze  |d ABA001  |d BOA001 
072 7 |a 681.5  |x Automatizační a řídicí technika  |2 Konspekt  |9 19 
080 |a 681.586  |2 MRF 
080 |a 658.52:005.591.6  |2 MRF 
080 |a (035)  |2 MRF 
100 1 |a Martinek, Radislav  |7 mzk2004257506  |4 aut 
245 1 0 |a Senzory v průmyslové praxi /  |c Radislav Martinek 
250 |a 1. vyd. 
260 |a Praha :  |b BEN - technická literatura,  |c 2004 
300 |a 199 s. :  |b il. ;  |c 23 cm 
504 |a Obsahuje bibliografie 
500 |a Dostupné též v digitální podobě v aplikaci Kramerius 
650 0 7 |a senzory  |7 ph117262  |2 czenas 
650 0 7 |a průmyslová automatizace  |7 ph115923  |2 czenas 
655 7 |a příručky  |7 fd133209  |2 czenas 
856 4 1 |u https://www.digitalniknihovna.cz/mzk/uuid/uuid:425f58e0-ec94-11e8-a5a4-005056827e52  |y Digitalizovaný dokument  |x NDK 
910 |a BOA001  |b 2-1143.263 
990 |a BK 
996 6 |b 2610233351  |c 2-1143.263  |l MZK  |r Sklad / do 1 hodiny  |n 4  |p p.v.  |w 000747097  |u 000010  |a 1  |e BOA001  |j MZK50  |s P 
996 7 |b 2610236567  |c 2-1143.263  |l Vol.výběr  |r VV 1p  |n 60  |p kup  |h 681.5 MAR  |w 000747097  |u 000020  |a 0  |e BOA001  |j MZK50  |s A